000 00461nam a2200169Ia 4500
005 20250424120244.0
008 250424s9999 xx 000 0 und d
022 _a25790447
050 _aHF5549.2.N53 .I46/
245 0 _aIlorin journal of human resource management
260 _aIlorin, Nigeria
260 _bDamso print.
260 _c2017
300 _avi, 260 p. :ill. 24 cm.
650 _a Personnel management--Nigeria--Periodicals.
942 _cSR
999 _c38272
_d38272